000 00278nam a22001337a 4500
008 170629b xxu||||| |||| 00| 0 eng d
020 _a074470809296
041 _aeng
080 _a82
100 _a22
101 _aGJL
245 _aCRAZYHORSE
_cMCMATH.S.S
942 _2udc
_cBK
999 _c19488
_d19488